[Event "ICS rated blitz match"]
[Site "204.178.125.65"]
[Date "2000.01.27"]
[Round "?"]
[White "unlv"]
[Black "Hossa"]
[Result "1-0"]
[WhiteElo "2487"]
[BlackElo "2363"]
[PlyCount "223"]
[EventDate "2000.??.??"]

1. e4 e5 2. Nc3 Nf6 3. Bc4 Nc6 4. d3 Bc5 5. f4 d6 6. Nf3 Ng4 7. Ng5 Bf2+ 8. Kd2
O-O 9. h3 Ne3 10. Bxf7+ Rxf7 11. Qh5 Rxf4 12. Qxh7+ Kf8 13. Qh8+ Ke7 14. Qxg7+
Ke8 15. Qg6+ Ke7 16. Nb5 Qh8 17. Nxc7 Rb8 18. Nd5+ Nxd5 19. exd5 Nd8 20. Qh7+
Qxh7 21. Nxh7 Bf5 22. Ng5 Bg3 23. Nf3 Rc8 24. Kd1 Rb4 25. Ng1 Bg6 26. c3 Rb5
27. c4 Bh5+ 28. Ne2 Rbc5 29. Be3 e4 30. Kd2 Bxe2 31. Kxe2 exd3+ 32. Kf3 Be5 33.
Bxc5 Rxc5 34. Rad1 Rxc4 35. Rxd3 Bxb2 36. g4 Ra4 37. Re1+ Kf7 38. Re2 Be5 39.
Rc2 Kf6 40. a3 Nf7 41. Rc7 b6 42. Ke2 a5 43. Rb7 Re4+ 44. Kd1 Rd4 45. Kc2 Rxd3
46. Kxd3 Ng5 47. h4 Nf3 48. h5 Kg5 49. Rxb6 Nh2 50. Ra6 Nxg4 51. Rxa5 Kxh5 52.
a4 Nf2+ 53. Kc4 Nd1 54. Rb5 Ne3+ 55. Kd3 Nf5 56. a5 Nd4 57. Rb6 Nf3 58. a6 Bd4
59. a7 Bxb6 60. a8=Q Bc5 61. Qg8 Kh4 62. Kc4 Kh3 63. Kc3 Bd4+ 64. Kb4 Be5 65.
Qg6 Nd4 66. Kc4 Kh4 67. Qg2 Kh5 68. Kc3 Ne2+ 69. Kb4 Nf4 70. Qg8 Ne2 71. Kb5
Nd4+ 72. Kb6 Bf6 73. Qg3 Be5 74. Qg2 Kh4 75. Ka5 Kh5 76. Kb4 Kh4 77. Qg1 Kh5
78. Kc4 Nf3 79. Qg8 Nd2+ 80. Kb5 Bf4 81. Qg2 Kh4 82. Ka4 Kh5 83. Kb4 Kh4 84.
Qg8 Kh3 85. Kb5 Nf3 86. Qg7 Nd2 87. Ka4 Nf3 88. Kb4 Be5 89. Qh7+ Kg3 90. Qf5
Nd4 91. Qf1 Nc2+ 92. Ka5 Nd4 93. Kb6 Kg4 94. Qf2 Kg5 95. Ka5 Kg6 96. Qf8 Kg5
97. Qf1 Kg6 98. Kb4 Nc2+ 99. Kb5 Na3+ 100. Ka4 Nb1 101. Qxb1+ Kg5 102. Qe4 Kf6
103. Kb5 Ke7 104. Qh4+ Kf7 105. Qh6 Bg3 106. Qe6+ Kf8 107. Qf6+ Ke8 108. Qg6+
Ke7 109. Qxg3 Kd7 110. Qg7+ Kc8 111. Kc6 Kd8 112. Qf8# 1-0

[Event "ICS rated blitz match"]
[Site "204.178.125.65"]
[Date "2000.01.27"]
[Round "?"]
[White "Hossa"]
[Black "pavo"]
[Result "1-0"]
[WhiteElo "2357"]
[BlackElo "2055"]
[PlyCount "49"]

1. d4 d5 2. c4 e6 3. Nc3 Nf6 4. Bg5 Be7 5. e3 O-O 6. Rc1 c6 7. Bd3 Nbd7 8. Nf3
h6 9. Bh4 dxc4 10. Bxc4 Nd5 11. Bxe7 Qxe7 12. O-O Nxc3 13. Rxc3 e5 14. Qc2 exd4
15. exd4 Nb6 16. Re1 Qc7 17. Bd3 Nd5 18. Rc4 Bg4 19. Bh7+ Kh8 20. Ne5 Rae8 21.
Bf5 Bxf5 22. Qxf5 f6 23. Ng6+ Kg8 24. Re6 Rxe6 25. Qxe6+ 1-0

[Event "ICS Rated standard match"]
[Site "204.178.125.65"]
[Date "2000.01.27"]
[Round "?"]
[White "Hossa"]
[Black "Cole-Hann"]
[Result "1-0"]
[WhiteElo "2244"]
[BlackElo "1912"]
[PlyCount "59"]

1. e4 c6 2. d4 d5 3. exd5 cxd5 4. c4 Nf6 5. Nc3 e6 6. Nf3 Be7 7. cxd5 Nxd5 8.
Bd3 Nc6 9. O-O O-O 10. a3 Bf6 11. Be3 Nce7 12. Ne4 b6 13. Rc1 Bb7 14. Re1 Rc8
15. Rxc8 Nxc8 16. Nxf6+ Nxf6 17. Ne5 Qd5 18. f3 Nd6 19. Qa4 Ra8 20. Bg5 b5 21.
Qb4 a5 22. Qc5 Nfe8 23. Bd2 Qb3 24. Qc2 Qxc2 25. Bxc2 f6 26. Nd7 Rc8 27. Bd3
Bc6 28. Nc5 e5 29. dxe5 fxe5 30. Bxa5 1-0

[Event "ICS rated blitz match"]
[Site "204.178.125.65"]
[Date "2000.01.27"]
[Round "?"]
[White "BugChess"]
[Black "Hossa"]
[Result "1-0"]
[WhiteElo "2379"]
[BlackElo "2362"]
[PlyCount "105"]

1. d4 Nf6 2. c4 g6 3. Nc3 Bg7 4. e4 d6 5. f3 O-O 6. Be3 Nc6 7. Nge2 a6 8. Qd2
Rb8 9. h4 e5 10. d5 Ne7 11. Kf2 Nh5 12. g4 Nf6 13. h5 c6 14. dxc6 bxc6 15. Rd1
Be6 16. h6 Bh8 17. b3 Ne8 18. Rg1 Qa5 19. Rg3 Bf6 20. Nd5 Qxd2 21. Nxf6+ Nxf6
22. Rxd2 Nc8 23. Rg1 a5 24. Nc3 Nd7 25. Bd3 Kh8 26. Na4 Ne7 27. Rgd1 f5 28. Bg5
Nc8 29. gxf5 gxf5 30. Rg1 Rb4 31. Bc2 fxe4 32. Bxe4 Nb8 33. Nc5 Bg8 34. Rg4 a4
35. Nxa4 d5 36. Nc5 Nb6 37. Be7 Rf7 38. Bd6 N8d7 39. Nxd7 Nxd7 40. Bxb4 dxe4
41. Rxe4 Nf6 42. Rh4 Ra7 43. Bc3 Re7 44. Rf4 Ne8 45. Rd8 c5 46. Rf5 Be6 47.
Rf8+ Bg8 48. b4 cxb4 49. Bxb4 Ra7 50. Rfxe8 Rg7 51. Be7 Rg2+ 52. Kxg2 e4 53.
Bf6# 1-0

[Event "ICS rated standard match"]
[Site "204.178.125.65"]
[Date "2000.01.27"]
[Round "?"]
[White "Hossa"]
[Black "andante"]
[Result "1-0"]
[WhiteElo "2248"]
[BlackElo "2220"]
[PlyCount "45"]

1. e4 c5 2. Nf3 Nc6 3. d4 cxd4 4. Nxd4 Nf6 5. Nc3 d6 6. Bg5 e6 7. Qd2 a6 8.
O-O-O h6 9. Bf4 Bd7 10. Nxc6 Bxc6 11. f3 d5 12. Qe3 Qa5 13. exd5 Nxd5 14. Qe5
Qc5 15. Ne4 Qb6 16. Bg3 Rd8 17. Bf2 Qb4 18. c4 Nb6 19. Rxd8+ Kxd8 20. Bh4+ Kd7
21. a3 Qa4 22. Qd4+ Nd5 23. Nc3 1-0

[Event "ICS rated blitz match"]
[Site "204.178.125.65"]
[Date "2000.01.27"]
[Round "?"]
[White "Hossa"]
[Black "postalex"]
[Result "1-0"]
[WhiteElo "2347"]
[BlackElo "2029"]
[PlyCount "47"]

1. e4 Nc6 2. Nf3 d6 3. Bb5 a6 4. Bxc6+ bxc6 5. O-O Nf6 6. e5 Nd7 7. d4 c5 8.
Ng5 h6 9. Ne6 cxd4 10. exd6 cxd6 11. Nxd8 Kxd8 12. Qxd4 Bb7 13. Nc3 e5 14. Qc4
Be7 15. Qxf7 Re8 16. Qxg7 Nf6 17. Qxh6 Kc7 18. Qg7 Kd7 19. Qg3 Rg8 20. Bg5 Rxg5
21. Qxg5 Rg8 22. Qf5+ Kc7 23. f3 Kb8 24. Rad1 1-0

[Event "ICS rated blitz match"]
[Site "204.178.125.65"]
[Date "2000.01.27"]
[Round "?"]
[White "Champo"]
[Black "Hossa"]
[Result "0-1"]
[WhiteElo "2033"]
[BlackElo "2351"]
[PlyCount "59"]

1. e4 c5 2. Nf3 d6 3. d4 cxd4 4. Nxd4 Nf6 5. Nc3 g6 6. Bg5 Bg7 7. Qd2 Nc6 8.
Bb5 Bd7 9. Nb3 h6 10. Bh4 g5 11. Bg3 Nh5 12. O-O-O a6 13. Be2 Nxg3 14. hxg3 Rc8
15. Kb1 Qb6 16. f4 Be6 17. Nd5 Qf2 18. fxg5 hxg5 19. Rxh8+ Bxh8 20. Rf1 Qxg3
21. Bh5 Qe5 22. Nc3 Bf6 23. Nc1 Qh2 24. Bd1 Bxc3 25. Qxc3 Qxg2 26. Rf3 Ne5 27.
Rg3 Qxe4 28. Qd2 g4 29. Re3 Nc4 30. Qd3 0-1

[Event "ICS rated blitz match"]
[Site "204.178.125.65"]
[Date "2000.01.27"]
[Round "?"]
[White "Hossa"]
[Black "Champo"]
[Result "1-0"]
[WhiteElo "2355"]
[BlackElo "2029"]
[PlyCount "51"]

1. e4 c5 2. Nf3 Nc6 3. d4 cxd4 4. Nxd4 e5 5. Nb5 d6 6. c4 a6 7. N5c3 f5 8. exf5
Bxf5 9. Nd5 g6 10. Be3 Rc8 11. Nbc3 Nf6 12. Bb6 Nxd5 13. Bxd8 Nxc3 14. bxc3
Rxd8 15. Bd3 Be6 16. Rb1 Rd7 17. Qa4 Nd8 18. Be4 Ke7 19. O-O Bh6 20. Rb6 Rf8
21. Bd5 Bf5 22. c5 Rf6 23. Re1 Bd3 24. cxd6+ Rdxd6 25. Rxe5+ Ne6 26. Qb4 1-0

[Event "ICS rated blitz match"]
[Site "204.178.125.65"]
[Date "2000.01.27"]
[Round "?"]
[White "Champo"]
[Black "Hossa"]
[Result "0-1"]
[WhiteElo "2025"]
[BlackElo "2359"]
[PlyCount "59"]

1. e4 c5 2. Nf3 d6 3. d4 cxd4 4. Nxd4 Nf6 5. Nc3 g6 6. Bg5 Bg7 7. Qd2 Nc6 8.
Nb3 h6 9. Bh4 g5 10. Bg3 Nh5 11. O-O-O Bd7 12. Kb1 Rc8 13. Nd5 Ne5 14. f4 gxf4
15. Bxf4 Nxf4 16. Qxf4 Nc6 17. Be2 Be5 18. Qf2 Be6 19. Rhf1 h5 20. c3 a5 21.
Nd4 Nxd4 22. cxd4 Bxd5 23. exd5 Bf6 24. Bb5+ Kf8 25. Rc1 Rxc1+ 26. Rxc1 Rg8 27.
g3 Rg5 28. a4 Rxd5 29. Qf3 e6 30. Qxh5 0-1

[Event "ICS rated blitz match"]
[Site "204.178.125.65"]
[Date "2000.01.27"]
[Round "?"]
[White "Champo"]
[Black "Hossa"]
[Result "0-1"]
[WhiteElo "2003"]
[BlackElo "2381"]
[PlyCount "43"]

1. e4 c5 2. Nf3 d6 3. d4 cxd4 4. Nxd4 Nf6 5. Nc3 g6 6. Bg5 Bg7 7. Qd2 Nc6 8.
Nb3 h6 9. Bh4 g5 10. Bg3 Nh5 11. Be2 Nxg3 12. fxg3 Be6 13. Nd5 Bxb2 14. Rb1 Be5
15. O-O Rc8 16. c4 b6 17. Rbd1 Bg7 18. Kh1 Ne5 19. Nd4 Nxc4 20. Bxc4 Rxc4 21.
Nxe6 fxe6 22. Qb2 0-1

[Event "ICS rated blitz match"]
[Site "204.178.125.65"]
[Date "2000.01.27"]
[Round "?"]
[White "Champo"]
[Black "Hossa"]
[Result "0-1"]
[WhiteElo "1997"]
[BlackElo "2387"]
[PlyCount "56"]

1. e4 c5 2. Nf3 d6 3. d4 cxd4 4. Nxd4 Nf6 5. Nc3 g6 6. Bg5 Bg7 7. Qd2 Nc6 8.
Nb3 h6 9. Bh4 g5 10. Bg3 Nh5 11. O-O-O Bd7 12. Kb1 Rc8 13. Be2 Nxg3 14. hxg3
Qb6 15. f4 Be6 16. Nd5 Qf2 17. fxg5 hxg5 18. Rxh8+ Bxh8 19. Rh1 Be5 20. Rf1
Qxg2 21. Qe3 Qxg3 22. Rf3 Qe1+ 23. Nc1 Qh4 24. Bb5 f5 25. Rh3 Qxe4 26. Qxe4
fxe4 27. Nxe7 Bxh3 28. Nxc8 Bxc8 0-1

[Event "ICS rated blitz match"]
[Site "204.178.125.65"]
[Date "2000.01.27"]
[Round "?"]
[White "Hossa"]
[Black "Champo"]
[Result "0-1"]
[WhiteElo "2390"]
[BlackElo "1994"]
[PlyCount "68"]

1. e4 c5 2. Nf3 Nc6 3. d4 cxd4 4. Nxd4 e5 5. Nb5 d6 6. c4 a6 7. N5c3 f5 8. exf5
Bxf5 9. Nd5 Nf6 10. Nbc3 g6 11. Bg5 Bg7 12. g4 Be6 13. Nxf6+ Bxf6 14. Bxf6 Qxf6
15. Ne4 Qf4 16. Nxd6+ Ke7 17. Be2 Nd4 18. c5 b6 19. b4 a5 20. Rb1 axb4 21. a3
bxc5 22. Nb7 Rhc8 23. O-O Rxa3 24. Re1 Bd5 25. Nxc5 Rxc5 26. Rxb4 Rh3 27. Rb7+
Bxb7 28. f3 Qxh2+ 29. Kf1 Rc2 30. Qxc2 Nxc2 31. Rb1 Bxf3 32. Rb7+ Bxb7 33. g5
Qh1+ 34. Kf2 Qg2# 0-1

[Event "ICS rated blitz match"]
[Site "204.178.125.65"]
[Date "2000.01.27"]
[Round "?"]
[White "PostModernist"]
[Black "Hossa"]
[Result "1-0"]
[WhiteElo "2400"]
[BlackElo "2361"]
[PlyCount "137"]

1. d4 Nf6 2. c4 g6 3. Nc3 d5 4. Nf3 Bg7 5. Bf4 O-O 6. Rc1 dxc4 7. e3 Be6 8. Ng5
Bd5 9. e4 Bc6 10. d5 Be8 11. Bxc4 c6 12. O-O b5 13. Bb3 b4 14. Na4 cxd5 15. Nc5
Bb5 16. Re1 Nh5 17. Bxd5 Nxf4 18. Nxf7 Qb6 19. Nd6+ Nxd5 20. Qxd5+ Kh8 21. Nxb5
Qxb5 22. Qxa8 Bd4 23. Rc2 Bxc5 24. Qd5 Na6 25. Rec1 Qb8 26. Rxc5 Nxc5 27. Qxc5
Qf4 28. f3 a5 29. Rd1 Qf6 30. e5 Qg5 31. Kf1 a4 32. Rd7 Re8 33. Qxb4 Qxe5 34.
f4 Qh5 35. Rxe7 Rxe7 36. Qxe7 Qd1+ 37. Kf2 h5 38. Qf7 Qd4+ 39. Kg3 Qd3+ 40. Kh4
Qd8+ 41. Kh3 Qd3+ 42. g3 Qb1 43. f5 gxf5 44. b4 axb3 45. axb3 Qe4 46. Qxh5+ Kg7
47. Qg5+ Kf7 48. Qf4 Ke6 49. Qxe4+ fxe4 50. Kg2 Ke5 51. Kf2 Kd4 52. Ke2 Ke5 53.
h4 Kf5 54. h5 Kg5 55. g4 Kh6 56. b4 Kg5 57. b5 Kf6 58. b6 Ke5 59. b7 Kd5 60. h6
Kd4 61. h7 Kd5 62. h8=Q Kc4 63. b8=Q e3 64. Qc7+ Kb4 65. Qd4+ Ka3 66. Qcc3+ Ka2
67. Qc2+ Ka3 68. Qxe3+ Kb4 69. Qec5# 1-0

[Event "ICS Rated standard match"]
[Site "204.178.125.65"]
[Date "2000.01.27"]
[Round "?"]
[White "PostModernist"]
[Black "Hossa"]
[Result "1-0"]
[WhiteElo "2383"]
[BlackElo "2263"]
[PlyCount "105"]

1. Nf3 Nf6 2. c4 c6 3. b3 d5 4. g3 dxc4 5. bxc4 e5 6. Nc3 e4 7. Ng5 Ng8 8. d3
Qa5 9. Qd2 exd3 10. Qxd3 Na6 11. Qe3+ Be7 12. Bg2 Nf6 13. Bd2 Nb4 14. O-O Nc2
15. Qf4 Nxa1 16. Nd5 Qxa2 17. Nc7+ Kf8 18. Nxa8 Bd7 19. Bc3 Nb3 20. Qb8+ Ne8
21. Rd1 Bxg5 22. Rxd7 Qb1+ 23. Bf1 Qe4 24. Rxb7 Nc5 25. Bb4 Be7 26. Nc7 Bd6 27.
Rxa7 g6 28. Qxe8+ Qxe8 29. Nxe8 Kxe8 30. Bxc5 Bxc5 31. Ra8+ Ke7 32. Rxh8 Bd4
33. Rxh7 Kf8 34. e3 Bf6 35. Bg2 Kg8 36. Rh3 c5 37. f4 Kg7 38. Bd5 Bb2 39. g4
Bc1 40. g5 Bd2 41. Rf3 Be1 42. Kf1 Bd2 43. f5 f6 44. fxg6 fxg5 45. Be4 Ba5 46.
Rf7+ Kg8 47. Bd5 Bc3 48. Kf2 Bg7 49. Rf6+ Kh8 50. Rd6 g4 51. Rd7 g3+ 52. hxg3
Bc3 53. Rh7# 1-0

[Event "ICS rated blitz match"]
[Site "204.178.125.65"]
[Date "2000.01.27"]
[Round "?"]
[White "Rafael"]
[Black "Hossa"]
[Result "0-1"]
[WhiteElo "2018"]
[BlackElo "2347"]
[PlyCount "48"]

1. e4 c5 2. Nf3 d6 3. d3 Nc6 4. Nbd2 Nf6 5. g3 d5 6. e5 Nd7 7. Qe2 Qc7 8. e6
fxe6 9. Qxe6 Nb4 10. Kd1 Nf6 11. Qe1 Bf5 12. a3 Nc6 13. h3 O-O-O 14. g4 Bd7 15.
b3 e5 16. Bb2 Re8 17. Bg2 h5 18. g5 e4 19. gxf6 exf3 20. Qf1 fxg2 21. Qxg2 gxf6
22. Qxd5 Ne5 23. Ne4 Be6 24. Bxe5 fxe5 0-1

[Event "ICS rated blitz match"]
[Site "204.178.125.65"]
[Date "2000.01.27"]
[Round "?"]
[White "Hossa"]
[Black "PostModernist"]
[Result "0-1"]
[WhiteElo "2351"]
[BlackElo "2414"]
[PlyCount "88"]

1. Nf3 Nf6 2. c4 g6 3. Nc3 d5 4. cxd5 Nxd5 5. e4 Nxc3 6. bxc3 c5 7. Bb5+ Bd7 8.
Qb3 Bg7 9. Bc4 O-O 10. Qxb7 Nc6 11. O-O Rb8 12. Qa6 Nb4 13. cxb4 Bxa1 14. bxc5
Qc7 15. Ba3 Bg7 16. d4 Bg4 17. d5 Bxf3 18. d6 exd6 19. cxd6 Qd8 20. gxf3 Qg5+
21. Kh1 Be5 22. Bc1 Qh5 23. f4 Bxf4 24. Bxf4 Qf3+ 25. Kg1 Qxf4 26. Bd5 Rb6 27.
Qxa7 Qg5+ 28. Kh1 Rxd6 29. Qb7 Qd2 30. Kg1 Rf6 31. Qe7 Rf4 32. Qd7 Kg7 33. f3
Rb8 34. Rf2 Rb1+ 35. Kg2 Qe1 36. Kg3 Qe3 37. Kg2 Rb2 38. Qxf7+ Rxf7 39. Kh3
Rxf2 40. e5 Qh6+ 41. Kg3 Qxh2+ 42. Kg4 Rf4+ 43. Kg5 Rf5+ 44. Kg4 h5# 0-1

[Event "ICS Rated standard match"]
[Site "204.178.125.65"]
[Date "2000.01.27"]
[Round "?"]
[White "Hossa"]
[Black "shyguy"]
[Result "1-0"]
[WhiteElo "2252"]
[BlackElo "2000"]
[PlyCount "37"]

1. e4 e5 2. Nf3 Nc6 3. Bb5 Bc5 4. c3 Nge7 5. O-O Bb6 6. d4 exd4 7. cxd4 d5 8.
exd5 Nxd5 9. Re1+ Be6 10. Bxc6+ bxc6 11. Bg5 Qd6 12. Nbd2 h6 13. Bh4 O-O 14.
Nc4 Qb4 15. Nfe5 c5 16. a3 Qb5 17. a4 Qb4 18. Rc1 Nf4 19. Nc6 1-0

[Event "ICS rated blitz match"]
[Site "204.178.125.65"]
[Date "2000.01.27"]
[Round "?"]
[White "PostModernist"]
[Black "Hossa"]
[Result "1-0"]
[WhiteElo "2427"]
[BlackElo "2338"]
[PlyCount "105"]

1. e4 c5 2. Nf3 d6 3. d4 cxd4 4. Nxd4 Nf6 5. Nc3 g6 6. Bc4 Bg7 7. h3 O-O 8. Bb3
a6 9. O-O b5 10. a4 b4 11. Nd5 e6 12. Nxf6+ Qxf6 13. Nf3 Qe7 14. Bg5 Qc7 15.
Rb1 Bb7 16. Re1 Bc6 17. Bf4 Rd8 18. Qd2 Qb7 19. Bg5 Re8 20. Qf4 e5 21. Qh4 Nd7
22. Bd2 Nf6 23. Ng5 Re7 24. Re2 h6 25. Nxf7 Rxf7 26. Bxh6 Raf8 27. Bxg7 Kxg7
28. Bxf7 Qxf7 29. Rbe1 Bxa4 30. Rd2 Qa2 31. Rxd6 Bxc2 32. Kh2 Qxb2 33. Rxa6 Bd3
34. Ra7+ Rf7 35. Ra8 Nh7 36. f3 Nf8 37. Rea1 Bc4 38. R1a7 Bf1 39. Ra2 Qd4 40.
Rd8 Qe3 41. Rb8 b3 42. Ra3 Bc4 43. Ra4 Qe2 44. Qg5 Nd7 45. Rd8 Be6 46. Raa8 Rf6
47. Rh8 Rf8 48. Raxf8 Nxf8 49. Qh6+ Kf6 50. Qxf8+ Bf7 51. Qd6+ Be6 52. Qd8+ Kg7
53. Qf8# 1-0

[Event "ICS rated blitz match"]
[Site "204.178.125.65"]
[Date "2000.01.27"]
[Round "?"]
[White "Hossa"]
[Black "lindberg"]
[Result "1-0"]
[WhiteElo "2326"]
[BlackElo "2103"]
[PlyCount "45"]

1. e4 e6 2. d4 d5 3. Nc3 Nf6 4. Bd3 dxe4 5. Nxe4 Nxe4 6. Bxe4 c6 7. Nf3 Bd6 8.
O-O Qc7 9. c4 b6 10. Re1 Bb7 11. a4 Nd7 12. a5 Nf6 13. a6 Bc8 14. Bd3 c5 15. d5
O-O 16. Bg5 Be7 17. Qc2 exd5 18. cxd5 Qd6 19. Bxh7+ Kh8 20. Be4 Bg4 21. h3 Bc8
22. Nd2 Nxd5 23. Bxe7 1-0

[Event "ICS rated blitz match"]
[Site "204.178.125.65"]
[Date "2000.01.27"]
[Round "?"]
[White "lindberg"]
[Black "Hossa"]
[Result "0-1"]
[WhiteElo "2096"]
[BlackElo "2333"]
[PlyCount "51"]

1. e4 c5 2. Nf3 d6 3. d4 cxd4 4. Nxd4 Nf6 5. Nc3 a6 6. f4 e5 7. Nf3 Nbd7 8. a4
exf4 9. Bxf4 Qb6 10. Bd3 Qxb2 11. Bd2 Qb6 12. Rb1 Qc5 13. a5 Ng4 14. Qe2 Qxa5
15. h3 Nge5 16. Nd5 Qd8 17. O-O Nxd3 18. cxd3 Nf6 19. Bg5 Be7 20. Nb6 Rb8 21.
e5 dxe5 22. Nxe5 Be6 23. d4 Qxd4+ 24. Kh1 Ne4 25. Bf4 Nc3 26. Qg4 0-1

[Event "ICS rated blitz match"]
[Site "204.178.125.65"]
[Date "2000.01.27"]
[Round "?"]
[White "Hossa"]
[Black "PostModernist"]
[Result "1/2-1/2"]
[WhiteElo "2359"]
[BlackElo "2439"]
[PlyCount "163"]

1. e4 c6 2. d4 d5 3. exd5 cxd5 4. c4 Nf6 5. Nc3 Nc6 6. Nf3 Bg4 7. cxd5 Nxd5 8.
Bb5 Rc8 9. O-O Qa5 10. Qb3 Nxc3 11. bxc3 Bxf3 12. gxf3 a6 13. Bxc6+ Rxc6 14.
Qxb7 Qxc3 15. Qa8+ Kd7 16. Qb7+ Kd8 17. Qb8+ Rc8 18. Qb6+ Kd7 19. Qxa6 Qxf3 20.
Qa4+ Kd8 21. d5 h5 22. Re1 Qg4+ 23. Qxg4 hxg4 24. Re4 f5 25. Re2 Rc5 26. Re5 g6
27. Be3 Rb5 28. a4 Rb7 29. Re6 Bh6 30. Bd4 Rg8 31. Bb6+ Ke8 32. Rae1 Bd2 33.
R1e2 Bb4 34. a5 Kf7 35. a6 Rd7 36. R2e5 Bd6 37. Re1 Ra8 38. a7 Rb7 39. Bd4 Rb5
40. Rd1 Rxd5 41. Ree1 Bb4 42. Be3 Re5 43. Rf1 Bd6 44. Kg2 Rb5 45. Rb1 Ra5 46.
Ra1 Rd5 47. Ra4 e5 48. Rg1 f4 49. Bb6 Rb5 50. Ra6 e4 51. Rd1 Be5 52. Kg1 Kg7
53. Re1 Rb2 54. Rd1 Kh7 55. Bd4 Bxd4 56. Rxd4 e3 57. fxe3 fxe3 58. Re4 Rb7 59.
Rxe3 Rbxa7 60. Rxa7+ Rxa7 61. Re4 Ra2 62. Rxg4 Kg7 63. h4 Kf6 64. Rg2 Ra4 65.
Kh2 Rxh4+ 66. Kg1 g5 67. Rf2+ Ke5 68. Re2+ Re4 69. Rxe4+ Kxe4 70. Kg2 Kf4 71.
Kf2 g4 72. Kg2 g3 73. Kg1 Kf3 74. Kf1 Kg4 75. Kg2 Kh4 76. Kg1 Kg5 77. Kg2 Kg4
78. Kg1 Kh3 79. Kh1 Kg4 80. Kg1 Kf4 81. Kg2 Kg4 82. Kg1 1/2-1/2

[Event "ICS rated blitz match"]
[Site "204.178.125.65"]
[Date "2000.01.27"]
[Round "?"]
[White "Mijko"]
[Black "Hossa"]
[Result "0-1"]
[WhiteElo "2295"]
[BlackElo "2357"]
[PlyCount "62"]

1. e4 c5 2. Nf3 d6 3. d4 cxd4 4. Nxd4 Nf6 5. Nc3 a6 6. Be3 e6 7. f3 b5 8. Qd2
b4 9. Nce2 d5 10. e5 Nfd7 11. f4 Be7 12. O-O-O Qa5 13. Kb1 Nc5 14. Nb3 Nxb3 15.
cxb3 O-O 16. Nd4 Bd7 17. Bd3 Rc8 18. f5 Nc6 19. Nxc6 Rxc6 20. f6 gxf6 21. exf6
Bxf6 22. Bg5 Bg7 23. Bh6 f6 24. Rhf1 Re8 25. Rf3 Re7 26. Rh3 e5 27. Bxh7+ Kxh7
28. Bxg7+ Kxg7 29. Qh6+ Kf7 30. Qh5+ Ke6 31. Qg4+ Kd6 0-1

[Event "ICS rated blitz match"]
[Site "204.178.125.65"]
[Date "2000.01.27"]
[Round "?"]
[White "Hossa"]
[Black "bmw155"]
[Result "0-1"]
[WhiteElo "2370"]
[BlackElo "2378"]
[PlyCount "136"]
[EventDate "2000.??.??"]

1. e4 e6 2. d4 d5 3. Nc3 Bb4 4. a3 Bxc3+ 5. bxc3 dxe4 6. Qg4 Nf6 7. Qxg7 Rg8 8.
Qh6 Rg6 9. Qe3 b6 10. Nh3 Bb7 11. Nf4 Rg8 12. Bb5+ Nbd7 13. h4 a6 14. Be2 c5
15. Bb2 Qc7 16. O-O-O O-O-O 17. Rhe1 Kb8 18. g3 Ka7 19. Kb1 Rc8 20. Qc1 cxd4
21. cxd4 Nd5 22. Nxd5 Bxd5 23. h5 b5 24. h6 Nb6 25. Qd2 Nc4 26. Qc3 Qb6 27. Bh5
Rc7 28. Bc1 Rgc8 29. Re2 a5 30. Bf4 Rb7 31. Kc1 b4 32. axb4 Qb5 33. Rde1 Qa4
34. Re3 axb4 35. Qb3 Qa1+ 36. Qb1 Qxb1+ 37. Kxb1 Nxe3 38. Rxe3 b3 39. cxb3 Bxb3
40. Rxb3 Rxb3+ 41. Ka2 Rb5 42. Bd1 Rc6 43. Ba4 Ra6 44. Ka3 Rba5 45. Be3 Rxa4+
46. Kb3 Ra3+ 47. Kc2 Kb7 48. g4 Kc6 49. Kc1 Kd5 50. Kd2 Kc4 51. Ke2 Ra1 52. Bd2
R6a2 53. Ke3 Rd1 54. Kxe4 Rdxd2 55. f3 Rxd4+ 56. Ke5 Rf2 57. Kf6 Rxf3+ 58. Ke7
Rxg4 59. Kd6 e5 60. Kd7 e4 61. Kc7 e3 62. Kd6 e2 63. Ke5 e1=Q+ 64. Kd6 Qe6+ 65.
Kc7 Rg8 66. Kb7 Rc8 67. Ka7 Ra3+ 68. Kb7 Qc6# 0-1

[Event "ICS rated blitz match"]
[Site "204.178.125.65"]
[Date "2000.01.27"]
[Round "?"]
[White "cfd"]
[Black "Hossa"]
[Result "0-1"]
[WhiteElo "2224"]
[BlackElo "2354"]
[PlyCount "48"]

1. d4 d5 2. e3 c5 3. c3 Nc6 4. Bd3 e5 5. f4 exd4 6. exd4 cxd4 7. Nf3 dxc3 8.
O-O cxb2 9. Qe2+ Be7 10. Bxb2 Nf6 11. Bxf6 gxf6 12. Re1 O-O 13. Nbd2 Bc5+ 14.
Kh1 Bg4 15. h3 Nd4 16. Qf1 Nf5 17. Kh2 Qd6 18. g3 Bxf3 19. Qxf3 Ng7 20. Qg4 Bd4
21. Rab1 Qa3 22. Nb3 f5 23. Qf3 Bb6 24. Rg1 Bxg1+ 0-1

[Event "ICS rated blitz match"]
[Site "204.178.125.65"]
[Date "2000.01.27"]
[Round "?"]
[White "Hossa"]
[Black "cfd"]
[Result "1-0"]
[WhiteElo "2364"]
[BlackElo "2214"]
[PlyCount "39"]

1. e4 d6 2. d4 e5 3. dxe5 dxe5 4. Qxd8+ Kxd8 5. Nc3 Be6 6. f4 Bd6 7. f5 Bd7 8.
Be3 Nc6 9. Bc4 f6 10. O-O-O a6 11. Nf3 Nge7 12. Be6 Bxe6 13. fxe6 Kc8 14. Na4
b6 15. Nxb6+ cxb6 16. Rxd6 b5 17. Rhd1 Rd8 18. Rxd8+ Nxd8 19. Bc5 Ndc6 20. Rd7
1-0

[Event "ICS rated blitz match"]
[Site "204.178.125.65"]
[Date "2000.01.27"]
[Round "?"]
[White "cfd"]
[Black "Hossa"]
[Result "0-1"]
[WhiteElo "2205"]
[BlackElo "2373"]
[PlyCount "70"]

1. d4 d5 2. e3 c5 3. Bd3 Nc6 4. Nf3 Bg4 5. c3 e5 6. Be2 e4 7. Nfd2 Bxe2 8. Qxe2
cxd4 9. exd4 Qc7 10. O-O O-O-O 11. f3 f5 12. fxe4 fxe4 13. b4 Bd6 14. h3 Nf6
15. Nb3 Rhf8 16. Be3 Bg3 17. N1d2 Kb8 18. a4 Rf7 19. b5 Ne7 20. Nc5 Bh2+ 21.
Kh1 Re8 22. a5 Ng6 23. b6 axb6 24. axb6 Qd6 25. Ndxe4 Nxe4 26. Nxe4 Rxf1+ 27.
Qxf1 Rxe4 28. Qf2 Bf4 29. Qa2 Qxb6 30. Qa8+ Kc7 31. Bxf4+ Nxf4 32. Qf8 Qg6 33.
Qc5+ Kd7 34. Qb5+ Qc6 35. Qxc6+ Kxc6 0-1

[Event "ICS rated blitz match"]
[Site "204.178.125.65"]
[Date "2000.01.27"]
[Round "?"]
[White "Hossa"]
[Black "halilbeyli"]
[Result "1-0"]
[WhiteElo "2382"]
[BlackElo "2035"]
[PlyCount "55"]

1. e4 c5 2. Nf3 e6 3. d4 cxd4 4. Nxd4 a6 5. c4 Qc7 6. Nc3 Nf6 7. Bd3 Nc6 8.
Nde2 b6 9. Be3 d6 10. Qb3 Nd7 11. O-O Rb8 12. Nd4 Bb7 13. Nxc6 Bxc6 14. Qc2 Be7
15. Nd5 Bxd5 16. cxd5 Qxc2 17. Bxc2 e5 18. Rfc1 O-O 19. g3 Rfc8 20. Bd3 b5 21.
Rc6 Rxc6 22. dxc6 Nc5 23. Bxc5 dxc5 24. a4 g6 25. axb5 axb5 26. Ra7 Bf8 27.
Bxb5 Rxb5 28. c7 1-0

[Event "ICS rated blitz match"]
[Site "204.178.125.65"]
[Date "2000.01.27"]
[Round "?"]
[White "cfd"]
[Black "Hossa"]
[Result "1-0"]
[WhiteElo "2217"]
[BlackElo "2386"]
[PlyCount "69"]

1. d4 d5 2. e3 c5 3. c3 Nc6 4. f4 e6 5. Nf3 Nf6 6. Bd3 Bd6 7. Nbd2 O-O 8. Ne5
cxd4 9. exd4 Qb6 10. Qf3 Re8 11. g4 Re7 12. g5 Nd7 13. Qh5 Nf8 14. Ndf3 Rb8 15.
O-O a5 16. Kh1 Qc7 17. Rg1 Ng6 18. Rg3 Bxe5 19. fxe5 Nf8 20. Rh3 g6 21. Qh6 Re8
22. Ne1 Ne7 23. Ng2 Nf5 24. Bxf5 gxf5 25. Nf4 Qc4 26. Be3 Re7 27. Nh5 f6 28.
Nxf6+ Kf7 29. Qh5+ Kg7 30. Nxh7 Ng6 31. Nf6 Kf8 32. Qxg6 Qf1+ 33. Rxf1 Rf7 34.
Qg8+ Ke7 35. Qe8# 1-0

[Event "ICS rated blitz match"]
[Site "204.178.125.65"]
[Date "2000.01.27"]
[Round "?"]
[White "Hossa"]
[Black "cfd"]
[Result "0-1"]
[WhiteElo "2363"]
[BlackElo "2240"]
[PlyCount "136"]

1. e4 d6 2. d4 e5 3. dxe5 dxe5 4. Qxd8+ Kxd8 5. Nc3 Bd6 6. Bc4 Be6 7. Bxe6 fxe6
8. Nf3 Nc6 9. Be3 Nf6 10. O-O-O Ke7 11. Rd3 Rhb8 12. Rhd1 b5 13. Bg5 a5 14.
R3d2 a4 15. a3 b4 16. axb4 Rxb4 17. Bxf6+ gxf6 18. Na2 Rxe4 19. h3 Rc4 20. Kb1
f5 21. Re2 e4 22. Ne1 Rd4 23. Rxd4 Nxd4 24. Rd2 Be5 25. Nb4 Kf6 26. c3 Nb3 27.
Rd7 h5 28. Nc6 Bd6 29. Kc2 Nc5 30. Rd8 Rxd8 31. Nxd8 f4 32. Kd2 Ke5 33. Ke2 Kd5
34. Kd2 Kc4 35. Kc1 Nd3+ 36. Nxd3 Kxd3 37. Nxe6 e3 38. fxe3 fxe3 39. Nd4 e2 40.
Nc2 Bg3 41. Nb4+ Kc4 42. Nc2 e1=Q+ 43. Nxe1 Bxe1 44. g4 hxg4 45. hxg4 Bh4 46.
Kd2 Bg5+ 47. Kc2 c6 48. Kb1 Kb3 49. c4 Kb4 50. Ka1 Kxc4 51. Ka2 Kb4 52. Ka1 Kb3
53. Kb1 c5 54. Ka1 c4 55. Kb1 a3 56. bxa3 Kxa3 57. Kc2 Kb4 58. Kb2 c3+ 59. Kc2
Kc4 60. Kd1 Kd3 61. Ke1 c2 62. Kf1 c1=Q+ 63. Kf2 Qf4+ 64. Kg2 Qxg4+ 65. Kh1 Qe2
66. Kg1 Ke3 67. Kh1 Kf3 68. Kg1 Qg2# 0-1